000 00937nam a2200253Ia 4500
003 IN-BaIIA
008 211028s9999 xx 000 0 eng d
020 _a1-58381-085-4
040 _cIIA Library
080 _a082.2:52
_bASP-247
111 _aConference Spectroscopic Challenges of Photoionized Plasmas
_cKentucky, U.S.A.
_d2000 Nov. 13-17
_926066
245 0 _aSpectroscopic challenges of photoionized plasmas
_bproceedings of a conference held in Kentucky, U.S.A., November 13-17, 2000
_cedited by G. Ferland and D. W. Savin
260 _aCalifornia
_bAstronomical Society of the Pacific
_c2001
300 _axiv, 556p.
490 _aASP conference series; v. 247
650 _aAstrophysics
_9794
650 _aAtomic physics
_91547
650 _aPhotoionisation
_926067
650 _aPlasams
_926068
650 _aSpectroscopy
_91535
700 _aFerland, G., ed.
_926069
700 _aSavin, D. W., ed.
_926070
942 _cBK
999 _c14629
_d14629